Carleton's histological technique. (Record no. 309)
[ view plain ]
| 000 -LEADER | |
|---|---|
| fixed length control field | 00472nam a2200133Ia 4500 |
| 008 - FIXED-LENGTH DATA ELEMENTS--GENERAL INFORMATION | |
| fixed length control field | 180412s9999||||xx |||||||||||||| ||und|| |
| 020 ## - INTERNATIONAL STANDARD BOOK NUMBER | |
| International Standard Book Number | 192612050 |
| 040 ## - CATALOGING SOURCE | |
| Original cataloging agency | Ahmadu Bello University Library - Zaria |
| 100 ## - MAIN ENTRY--PERSONAL NAME | |
| Personal name | DRURY, R. A. B. |
| 245 #0 - TITLE STATEMENT | |
| Title | Carleton's histological technique. |
| Statement of responsibility, etc. | R. A. B. Drury, E. A. Wallington, Roy Cameron. |
| 250 ## - EDITION STATEMENT | |
| Edition statement | \\ |
| -- | 4th ed. |
| 260 ## - PUBLICATION, DISTRIBUTION, ETC. | |
| Place of publication, distribution, etc. | New York. |
| Name of publisher, distributor, etc. | Oxford University Press (OUP) |
| Date of publication, distribution, etc. | 1967 |
| 300 ## - PHYSICAL DESCRIPTION | |
| Extent | ix, 432p.: ill., tables. |
| 700 ## - ADDED ENTRY--PERSONAL NAME | |
| Personal name | WALLINGTON, E. A.;CAMERON, Roy. |
No items available.